| 000 | 00469nam a22001697a 4500 | ||
|---|---|---|---|
| 003 | 0 | ||
| 005 | 20230620150143.0 | ||
| 008 | 230620b xxu||||| |||| 00| 0 eng d | ||
| 020 | _a978-0-545-80490-5 | ||
| 082 |
_aER _b.Da139 2013 |
||
| 245 |
_aDinosaure rescue! _cDale, Penny |
||
| 260 |
_aNew York _bScholastic, Inc. _cc2013 |
||
| 300 |
_a26pp. _bcol. ill. _c25cm. |
||
| 500 | _aChildren's stories. | ||
| 500 | _aDinosaur-Juvenile literature. | ||
| 942 |
_2ddc _cER |
||
| 999 |
_c365066 _d365066 |
||